Putting amazing back into grace : (Record no. 9219)
[ view plain ]
| 000 -LEADER | |
|---|---|
| fixed length control field | 01618cam a2200337 a 4500 |
| 001 - CONTROL NUMBER | |
| control field | 16776714 |
| 003 - CONTROL NUMBER IDENTIFIER | |
| control field | GBCCL |
| 005 - DATE AND TIME OF LATEST TRANSACTION | |
| control field | 20241126110707.0 |
| 008 - FIXED-LENGTH DATA ELEMENTS--GENERAL INFORMATION | |
| fixed length control field | 110513s2011 miu b 000 0 eng |
| 010 ## - | |
| -- | 2011020393 |
| 020 ## - INTERNATIONAL STANDARD BOOK NUMBER | |
| International Standard Book Number | 9780801014215 (pbk.) |
| 040 ## - CATALOGING SOURCE | |
| Original cataloging agency | DLC |
| Transcribing agency | DLC |
| Modifying agency | DLC |
| 042 ## - | |
| -- | pcc |
| 050 00 - | |
| -- | BT751.3 |
| -- | .H68 2011 |
| 082 00 - DEWEY DECIMAL CLASSIFICATION NUMBER | |
| Classification number | 234 |
| Edition information | 23 |
| Item number | HOR |
| 100 1# - MAIN ENTRY--PERSONAL NAME | |
| Personal name | Horton, Michael Scott. |
| 9 (RLIN) | 2781 |
| 245 10 - TITLE STATEMENT | |
| Title | Putting amazing back into grace : |
| Remainder of title | embracing the heart of the Gospel / |
| Statement of responsibility, etc. | Michael Horton. |
| 250 ## - EDITION STATEMENT | |
| Edition statement | Rev. and updated ed. |
| 260 ## - PUBLICATION, DISTRIBUTION, ETC. | |
| Place of publication, distribution, etc. | Grand Rapids, Mich. : |
| Name of publisher, distributor, etc. | Baker Books, |
| Date of publication, distribution, etc. | c2011. |
| 300 ## - PHYSICAL DESCRIPTION | |
| Extent | 264 p. ; |
| Dimensions | 23 cm. + |
| Accompanying material | 2 videodiscs (DVD ; 4 3/4 in.) |
| 500 ## - GENERAL NOTE | |
| General note | "Previously publishedin 1994, 2002 by Baker Book House Company and in 1991 by Thomas Nelson"--T.p. verso. |
| 504 ## - BIBLIOGRAPHY, ETC. NOTE | |
| Bibliography, etc. note | Includes bibliographical references. |
| 505 0# - FORMATTED CONTENTS NOTE | |
| Formatted contents note | Jumping through hoops is for circus animals -- Created with class -- Rebels without a cause -- Grace before time -- So what? -- Climbing Jacob's ladder -- Mission accomplished -- Intoxicating grace -- Righteous sinners -- No lost causes -- Two keys to spiritual growth -- A kingdom of priests -- Afterword to the new edition. |
| 650 #0 - SUBJECT ADDED ENTRY--TOPICAL TERM | |
| Topical term or geographic name entry element | Salvation |
| General subdivision | Christianity. |
| 9 (RLIN) | 887 |
| 650 #0 - SUBJECT ADDED ENTRY--TOPICAL TERM | |
| Topical term or geographic name entry element | Grace (Theology) |
| 9 (RLIN) | 2990 |
| 650 #0 - SUBJECT ADDED ENTRY--TOPICAL TERM | |
| Topical term or geographic name entry element | Salvation |
| General subdivision | Biblical teaching. |
| 9 (RLIN) | 2280 |
| 650 #0 - SUBJECT ADDED ENTRY--TOPICAL TERM | |
| Topical term or geographic name entry element | Grace (Theology) |
| General subdivision | Biblical teaching. |
| 9 (RLIN) | 16031 |
| 906 ## - LOCAL DATA ELEMENT F, LDF (RLIN) | |
| a | 7 |
| b | cbc |
| c | orignew |
| d | 1 |
| e | ecip |
| f | 20 |
| g | y-gencatlg |
| 942 ## - ADDED ENTRY ELEMENTS (KOHA) | |
| Source of classification or shelving scheme | Dewey Decimal Classification |
| Koha item type | Books |
| Koha issues (borrowed), all copies | 1 |
| Withdrawn status | Lost status | Source of classification or shelving scheme | Damaged status | Not for loan | Home library | Current Library | Shelving location | Date acquired | Total checkouts | Full call number | Barcode | Date last seen | Date last checked out | Copy number | Price effective from | Koha item type |
|---|---|---|---|---|---|---|---|---|---|---|---|---|---|---|---|---|
| Dewey Decimal Classification | GRACE BIBLE COLLEGE | GRACE BIBLE COLLEGE | Theology | 2022-06-16 | 2 | 234 HOR | 015655 | 2025-05-01 | 2025-01-21 | c.1 | 2022-06-16 | Books |